Loading...
| History - Other | 0 | 8 | 0 | 1 | 80 | 81 | 117.38 | 0 | 1 | 0.00 | 0.00 |
| History - European | 1 | 5 | 1 | 1 | 60 | 74 | 125.50 | 0 | 2 | 0.00 | 0.00 |
| History - American | 0 | 6 | 1 | 2 | 55 | 102 | 123.33 | 0 | 2 | 0.00 | 0.00 |
| Modern World | 0 | 2 | 0 | 2 | 20 | 129 | 131.50 | 0 | 0 | 0.00 | 0.00 |
| Other Academic | 0 | 1 | 0 | 0 | 10 | 130 | 130.00 | 0 | 0 | 0.00 | 0.00 |
| Philosophy | 0 | 1 | 0 | 0 | 10 | 147 | 147.00 | 0 | 0 | 0.00 | 0.00 |
| Social Science | 0 | 1 | 0 | 0 | 10 | 87 | 87.00 | 0 | 1 | 0.00 | 0.00 |
| History - World | 0 | 2 | 2 | 1 | 10 | 107 | 133.50 | 0 | 0 | 0.00 | 0.00 |
| Literature - British | 0 | 1 | 0 | 0 | 10 | 88 | 88.00 | 0 | 1 | 0.00 | 0.00 |
| Literature - European | 0 | 1 | 0 | 0 | 10 | 146 | 146.00 | 0 | 0 | 0.00 | 0.00 |
| Geography | 0 | 1 | 0 | 0 | 10 | 121 | 121.00 | 0 | 1 | 0.00 | 0.00 |
| Religion | 0 | 1 | 1 | 0 | 5 | 72 | 72.00 | 0 | 0 | 0.00 | 0.00 |